000 00648nam a2200181Ia 4500
008 090123s9999 xx 000 0 und d
082 _b40805
100 _aगुरव अनुराधा
245 _aम्हातारीनं झाकला कोंबडा
250 _a1
260 _bमेघना प्रकाशन
_c2007
300 _a179
600 _aगुरव अनुराधा
630 _aम्हातारीनं झाकला कोंबडा
700 _aगुरव अनुराधा
730 _aम्हातारीनं झाकला कोंबडा
942 _cBOOK
999 _c78881
_d78881